Akustické metódy vyšetrovania tuhých látok : Habil.práca : Obh. 19.06.1991 /

Na minha lista:
Detalhes bibliográficos
Autor principal: Braciník, Juraj (Author)
Formato: Manuscrito Livro
Publicado em: Bratislava : SVŠT v Bratislave EF, 1991
Tags: Adicionar Tag
Sem tags, seja o primeiro a adicionar uma tag!

MARC

LEADER 00000ntm a22000003a 4500
001 stu7231
005 20150617225809.1
008 ------s1991----------------------------d
040 |a STU  |b slo 
041 0
100 1 |a Braciník, Juraj  |4 aut 
245 1 |a Akustické metódy vyšetrovania tuhých látok :  |b Habil.práca : Obh. 19.06.1991 /  |c [aut.] Braciník,Juraj, Ing. CSc 
260 |a Bratislava :  |b SVŠT v Bratislave EF,  |c 1991 
300 |a preruš.str 
996 |b 284ED00925  |c E*HABIL-82  |l EE01  |s A  |a 24  |w stu7231_0001